000 00856nam a22002177a 4500
999 _c65647
_d65647
005 20240530110836.0
008 191103s2006 ua f 000 0 ara d
017 _a2006/15821
_bمصر. دار الكتب
020 _a9770917133
040 _aEG-CaGPL
_cEG-CaGPL
082 0 4 _221
_a342.03
_bق/ا د
100 0 _aاحمد محمد امين
245 1 2 _aالدساتير ومشروعات الدساتير فى مصر :
_bدراسة فى الاصلاح الدستورى والسياسى /
_cاحمد محمد امين
250 _aط.1
260 _aالقاهرة :
_bمكتبة الشروق الدولية،
_c2006
300 _a376ص. :
_bايض. ؛
_c24 سم.
650 0 7 _2qrmak
_aالدستور
_xتعديلات
_zمصر
651 0 7 _aمصر
_xالاحوال السياسية
942 _2ddc
_cBK